| 000 | 00825nam a2200241 a 4500 | ||
|---|---|---|---|
| 001 | 42195 | ||
| 003 | BD-RjUL | ||
| 005 | 20211209053515.0 | ||
| 008 | 160611s1985 nyua b 001 0 eng | ||
| 020 | _a0023718005 | ||
| 035 | _a(BD-RjUL)42313 | ||
| 040 |
_aDLC _cDLC _dDLC _dBD-RjUL _beng |
||
| 041 | _aeng | ||
| 082 | 0 | 0 |
_a353.0089 _223 _bLOC 1985 |
| 100 | 1 |
_aLovell, John P. _d1932- _9129765 |
|
| 245 | 1 | 4 |
_aThe challenge of American foreign policy : _bpurpose and adaptation / _cJohn P. Lovell |
| 260 |
_aNew York : _bMacmillan ; _aLondon : _bCollier Macmillan, _cc1985. |
||
| 300 |
_axvii, 333 p. : _bill ; _c24 cm. |
||
| 504 | _aIncludes bibliographies and index. | ||
| 651 | 0 |
_aUnited States _xForeign relations administration. _9129252 |
|
| 651 | 0 |
_aUnited States _xForeign relations _y1945-1989. _9129766 |
|
| 942 |
_2ddc _cBK |
||
| 999 |
_c42195 _d42195 |
||